000 00539nam a2200169 a 4500
005 20140412111306.0
008 010131s19uu xx 00 eng d
020 _a971-508-006-5
050 _aFil E
_bMa26 1994
100 _aAlmario, Virgilio S.
245 _aMadyik banig (magic mat) :
_bstory by Virgilio S. Almario : illustrate by Joanne de Leon.
260 _aManila, Philippines :
_bAdarna Books Services,
_c1994.
300 _a1 v. (unp.) ; ill.
650 _aMagic -- Fiction
650 _aFilipino -- Fiction
999 _c103708
_d103708